000 01922nam0a2200325 i 4500
001 RU\NLR\BIBL_A\011108610
005 20260408092115.0
010 _a9785889992455
_92000
021 _aRU
_b2016-229226
_91879
035 _a(NILC)RuMoRGB-008275976
035 _a(NLR Aleph) 011108610
090 _a11461967
_c11461967
100 _a20160427d2014 u y0rusy50 ca
101 0 _arus
102 _aRU
105 _ay|||j|||000yy
200 1 _aМетодическое руководство по лабораторной диагностике аутоиммунных заболеваний
_fМ-во здравоохранения Рос. Федерации, Первый С.-Петерб. гос. мед. ун-т им. акад. И.П. Павлова, Лаб. диагностики аутоиммун. заболеваний, Науч.-метод. центр по молекуляр. медицине
_g[С.В. Лапин и др.]
205 _a2-е изд., испр. и доп.
210 _aСанкт-Петербург
_cИзд-во СПбГМУ
_d2014
215 _a44 с.
_d20
606 _aАутоиммунные болезни
_jМетодические пособия
_xЛабораторная диагностика
_92137052
_3RU\NLR\AUTH\661592891
675 _a612
686 1 _aР41,2-45я8
702 1 _aЭмануэль
_bВ. Л.
_gВладимир Леонидович
_4340
712 0 2 _4570
_aСанкт-Петербургский государственный медицинский университет им. И. П. Павлова
_bЛаборатория диагностики аутоиммунных заболеваний
_bНаучно-методический центр по молекулярной медицине
_3RU\NLR\AUTH\8810231409
_9347783
801 0 _aRU
_bРГБ
_c20160411
_gRCR
942 _cBOOK
980 _aNBR